| 000 | 01026nam a22002537a 4500 | ||
|---|---|---|---|
| 999 |
_c13048 _d13048 |
||
| 003 | AR-CdUCM | ||
| 008 | 190411b ||||| |||| 00| 0 spa d | ||
| 040 |
_aMUNICIPALIDAD PROVINCIAL DEL CUSCO _cBIBLIOTECA MUNICIPAL DEL CUSCO |
||
| 082 |
_aC / 299.856 / _bM26 |
||
| 100 |
_aMarzal, Manuel María _931231 |
||
| 245 |
_aEl mundo religioso de Urcos : _bun estudio de antropología religiosa y de pastoral campesina de los Andes / |
||
| 260 |
_aCusco : . _bGarcilaso, _c1971. |
||
| 300 |
_aIII 570 paginas ; _bIlustraciones, cuadros, _c21 cm. |
||
| 505 | _aContenido : Que es la pastoral -- Superficie y población -- Migraciones y crecimiento de la población -- Los cinco pueblos estudiados -- Antropología religiosa de Urcos... | ||
| 650 |
_aUrcos _931232 |
||
| 650 |
_aGrupos Indigenas _931233 |
||
| 650 |
_aCusco _9772 |
||
| 650 |
_aPoblacion _93673 |
||
| 650 |
_aCostumbres _9230 |
||
| 650 |
_aTradiciones _9229 |
||
| 710 |
_aInstituto Pastoral Andina, _923863 |
||
| 942 |
_2ddc _cLIBROS |
||
| 945 |
_awnts _d2019-04-11 |
||